[Event "25. Offene Herner Stadtmeisterschaft 2024"]
[Site "Herne-Sodingen"]
[Date "2024.02.05"]
[Round "2.15"]
[White "Feldhaus, Thomas"]
[Black "Schmidt, Ralph"]
[Result "1/2-1/2"]
[WhiteElo "1710"]
[BlackElo "1825"]
[PlyCount "137"]
[EventDate "2024.??.??"]
[WhiteTeam "Recklinghäuser SV Süd/"]
[BlackTeam "SV Bochum-Linden-Dahlh"]

1. e4 e5 2. f4 exf4 3. Nh3 d5 4. exd5 Bxh3 5. Qe2+ Be7 6. gxh3 Nf6 7. Nc3 O-O 8. d3 Bb4 9. Kd1 Re8 10. Qf3 Qxd5 11. Bg2 Qxf3+ 12. Bxf3 c6 13. Bxf4 Nbd7 14. a3 Bc5 15. Kd2 Ne5 16. Bg2 Nh5 17. Bxe5 Rxe5 18. Rhe1 Rae8 19. Ne4 Be7 20. Rf1 f5 21. Nf2 Bg5+ 22. Kc3 Bf6 23. d4 Rc5+ 24. Kd2 Bxd4 25. Nd3 Ra5 26. c3 Be3+ 27. Kc2 f4 28. b4 Rf5 29. a4 a5 30. b5 Bb6 31. Bf3 cxb5 32. Bxb7 Re2+ 33. Kb3 Rxh2 34. axb5 Rxb5+ 35. Kc4 Rf5 36. Rab1 Be3 37. Bd5+ Kf8 38. Rb5 a4 39. Ra5 Nf6 40. Ra8+ Ke7 41. Bc6 Nd7 42. Ra6 Nb6+ 43. Kb4 Rxh3 44. Bf3 Rg3 45. c4 Bd2+ 46. Ka3 Nxc4+ 47. Kxa4 Ra5+ 48. Rxa5 Nxa5 49. Nxf4 Bxf4 50. Kxa5 g5 51. Kb5 Rh3 52. Kc4 h5 53. Kd5 Kf6 54. Ke4 Rh2 55. Rg1 h4 56. Bg4 Rf2 57. Bh3 Re2+ 58. Kf3 Re3+ 59. Kg4 Ke5 60. Rg2 Re1 61. Kf3 Re3+ 62. Kg4 Ke4 63. Rg1 Re2 64. Bg2+ Ke3 65. Bh3 Kd2 66. Rg2 Ke3 67. Rxe2+ Kxe2 68. Bg2 Kf2 69. Bd5 1/2-1/2

[Event "25. Offene Herner Stadtmeisterschaft 2024"]
[Site "Herne-Sodingen"]
[Date "2024.02.05"]
[Round "2.16"]
[White "Hahn, Matthias"]
[Black "Kowalczyk, Frank"]
[Result "1-0"]
[WhiteElo "2122"]
[BlackElo "1693"]
[PlyCount "119"]
[EventDate "2024.??.??"]
[WhiteTeam "SV Bochum-Linden-Dahlh"]
[BlackTeam "SK Sodingen/Castrop 24/23 e. V."]

1. d4 Nf6 2. c4 e6 3. Nc3 d5 4. cxd5 exd5 5. Bg5 Be7 6. e3 c6 7. Qc2 O-O 8. Bd3 Nbd7 9. Nf3 a6 10. h3 h6 11. Bf4 c5 12. dxc5 Nxc5 13. O-O Nxd3 14. Qxd3 b5 15. Rfd1 Bb7 16. Nd4 Re8 17. Nf5 Bf8 18. Rac1 Rc8 19. Ne2 Qd7 20. Rxc8 Bxc8 21. Nfd4 Bb7 22. Nb3 Rc8 23. Be5 Qe6 24. Bf4 Qb6 25. Qd4 Qxd4 26. Nexd4 Ne4 27. f3 Nd6 28. Bxd6 Bxd6 29. Kf2 g6 30. g4 Be7 31. Ke2 Bd8 32. Rh1 a5 33. Rc1 Rxc1 34. Nxc1 b4 35. Nd3 Ba6 36. Kd2 Bb6 37. Nf4 Bb7 38. h4 Kf8 39. h5 Bxd4 40. exd4 g5 41. Ng2 Ke7 42. Ne3 Kf6 43. a3 bxa3 44. bxa3 Bc6 45. Ke1 Kg7 46. Kf2 Kf6 47. Kg3 Kg7 48. Kg2 f6 49. Nf5+ Kf8 50. Ne3 Ke7 51. Kf2 Kf7 52. Ke1 Ke7 53. Nf5+ Kf8 54. Kd2 Bd7 55. Kc3 Bxf5 56. gxf5 Ke7 57. Kb3 Kd6 58. Ka4 Kc7 59. Kxa5 Kc6 60. a4 1-0

[Event "25. Offene Herner Stadtmeisterschaft 2024"]
[Site "Herne-Sodingen"]
[Date "2024.02.05"]
[Round "2.17"]
[White "Lang, Daniel"]
[Black "Kasprowski, Henryk"]
[Result "1-0"]
[WhiteElo "2098"]
[BlackElo "1644"]
[PlyCount "39"]
[EventDate "2024.??.??"]
[WhiteTeam "SV Wattenscheid 1930 e"]
[BlackTeam "SV Wattenscheid 1930 e"]

1. d4 Nf6 2. c4 e6 3. Nc3 d5 4. cxd5 exd5 5. Bg5 Be7 6. e3 O-O 7. Bd3 Nbd7 8. Qc2 b6 9. Nf3 Bb7 10. O-O h6 11. Bf4 c5 12. Rfe1 Rc8 13. Bf5 cxd4 14. exd4 Bb4 15. Ne5 Re8 16. Qa4 Bxc3 17. bxc3 g6 18. Bxd7 Nxd7 19. Qxd7 Qxd7 20. Nxd7 1-0

[Event "25. Offene Herner Stadtmeisterschaft 2024"]
[Site "Herne-Sodingen"]
[Date "2024.02.05"]
[Round "2.18"]
[White "Waldschmidt, Georg"]
[Black "Kramer, Martin"]
[Result "0-1"]
[WhiteElo "2090"]
[BlackElo "1623"]
[PlyCount "48"]
[EventDate "2024.??.??"]
[WhiteTeam "SK Sodingen/Castrop 24/23 e. V."]
[BlackTeam "Dortmunder SV 1875"]

1. e4 c5 2. Nf3 d6 3. Bb5+ Nd7 4. O-O a6 5. Bd3 Ngf6 6. c3 b5 7. Bc2 Bb7 8. Re1 e6 9. d4 Be7 10. Nbd2 cxd4 11. cxd4 O-O 12. a4 Re8 13. Qe2 Qc7 14. Bd3 bxa4 15. Rxa4 a5 16. Ra1 Bf8 17. e5 dxe5 18. dxe5 Nd5 19. Bxh7+ Kxh7 20. Ng5+ Kg8 21. Qh5 N7f6 22. exf6 Nxf6 23. Qh3 Qc2 24. Nde4 Bxe4 0-1

[Event "25. Offene Herner Stadtmeisterschaft 2024"]
[Site "Herne-Sodingen"]
[Date "2024.02.05"]
[Round "2.20"]
[White "Gritzan, Ulrich"]
[Black "Dimitriadis, Elias"]
[Result "1-0"]
[WhiteElo "1838"]
[BlackElo "1265"]
[PlyCount "99"]
[EventDate "2024.??.??"]
[WhiteTeam "SC Buer-Hassel 1919 e. V."]
[BlackTeam "SV Waltrop 1922 e. V."]

1. c4 Nf6 2. Nf3 c5 3. g3 Nc6 4. Bg2 g6 5. O-O Bg7 6. Nc3 O-O 7. d3 d6 8. Bd2 Re8 9. h3 a6 10. Rb1 b5 11. Ng5 Qb6 12. cxb5 axb5 13. Qb3 Rb8 14. Qxf7+ Kh8 15. Nd5 Qd8 16. Nxf6 Rf8 17. Qd5 exf6 18. Nf7+ Rxf7 19. Qxf7 Nd4 20. e3 Rb7 21. Bxb7 Be6 22. Qxg7+ Kxg7 23. exd4 Bxh3 24. Bg2 Bxg2 25. Kxg2 Qa8+ 26. Kg1 g5 27. dxc5 dxc5 28. a3 Qd5 29. Be3 h5 30. Rbc1 h4 31. Rxc5 Qxd3 32. gxh4 gxh4 33. Rc7+ Kg6 34. Rfc1 Qe2 35. R7c2 Qg4+ 36. Kh2 Qe4 37. Rg1+ Kf7 38. Rc7+ Ke6 39. Rc5 b4 40. a4 b3 41. a5 Qb7 42. Rg4 Qb8+ 43. Rf4 f5 44. Rcxf5 h3 45. a6 Qa8 46. Rf3 Qb8+ 47. R5f4 Qh8 48. a7 Qg8 49. Rg3 Qd8 50. Rb4 1-0

[Event "25. Offene Herner Stadtmeisterschaft 2024"]
[Site "Herne-Sodingen"]
[Date "2024.02.05"]
[Round "2.21"]
[White "Masoudi, Mohammadmahdi"]
[Black "Meier, Jan"]
[Result "0-1"]
[WhiteElo "1200"]
[BlackElo "1781"]
[PlyCount "60"]
[EventDate "2024.??.??"]
[WhiteTeam "Bochumer SV 02"]
[BlackTeam "SV Waltrop 1922 e. V."]

1. c4 Nf6 2. Nc3 c5 3. Nf3 Nc6 4. g3 g6 5. Bg2 Bg7 6. d4 cxd4 7. Nxd4 O-O 8. O-O a6 9. Bf4 Nxd4 10. Qxd4 Nh5 11. Be5 Bh6 12. Qd3 d6 13. Bd4 Rb8 14. a4 Bd7 15. h3 Bc6 16. e4 e6 17. b4 f5 18. b5 fxe4 19. Nxe4 Bxe4 20. Bxe4 Nf6 21. Bxg6 hxg6 22. Qxg6+ Bg7 23. h4 Qe8 24. Qg5 e5 25. Be3 Qe6 26. Rad1 Ne4 27. Qh5 Qxc4 28. Qg6 Rf6 29. Qg4 Nd2 30. Qg5 Nf3+ 0-1

[Event "25. Offene Herner Stadtmeisterschaft 2024"]
[Site "Herne-Sodingen"]
[Date "2024.02.05"]
[Round "2.22"]
[White "Hielscher, Klaus-Peter"]
[Black "von Blumenthal, Nikolaus"]
[Result "0-1"]
[WhiteElo "1780"]
[BlackElo "1498"]
[PlyCount "126"]
[EventDate "2024.??.??"]
[WhiteTeam "SV Wattenscheid 1930 e"]
[BlackTeam "SV Zeppelin Herne e.V."]

1. Nf3 d5 2. g3 Bf5 3. Bg2 h6 4. d3 c6 5. Nbd2 Nf6 6. c4 e6 7. O-O Be7 8. Qb3 Qb6 9. Qxb6 axb6 10. a3 O-O 11. Nd4 Bh7 12. cxd5 exd5 13. e4 dxe4 14. dxe4 Nbd7 15. Nf5 Bd8 16. Nb3 Bc7 17. Bd2 Rfe8 18. Rfe1 Ne5 19. Bc3 Rad8 20. Nbd4 Ned7 21. f3 b5 22. Kh1 Nb6 23. Rad1 Na4 24. Ne2 Nxc3 25. Nxc3 Be5 26. Bh3 Bxc3 27. bxc3 Ra8 28. Ra1 Bxf5 29. Bxf5 Red8 30. Red1 g6 31. Bh3 Rxd1+ 32. Rxd1 Kf8 33. Ra1 Ke7 34. Kg1 Kd6 35. Kf2 Kc5 36. Bf1 Nd7 37. f4 f6 38. Ke3 Nb6 39. h4 Rd8 40. Be2 Nc4+ 41. Kf2 Rd2 42. a4 bxa4 43. Rxa4 b5 44. Ra6 Rc2 45. e5 fxe5 46. h5 gxh5 47. f5 Nd6 48. f6 Ne4+ 49. Ke3 Nxf6 50. Kd3 Rb2 51. Bf3 Nd5 52. Bxh5 Rb3 53. Kd2 Rxc3 54. Be8 Kd6 55. g4 Rc4 56. Bh5 Kc5 57. Be8 Nb4 58. Ra7 Rxg4 59. Re7 Rg5 60. Rh7 Rg2+ 61. Kc3 Rh2 62. Re7 Nd5+ 63. Kb3 Nxe7 0-1

[Event "25. Offene Herner Stadtmeisterschaft 2024"]
[Site "Herne-Sodingen"]
[Date "2024.02.05"]
[Round "2.23"]
[White "Rath, Michael"]
[Black "Schicktanz, Florian"]
[Result "1-0"]
[WhiteElo "1673"]
[BlackElo "1725"]
[PlyCount "113"]
[EventDate "2024.??.??"]
[WhiteTeam "SV Königsspringer Halt"]
[BlackTeam "SV Erkenschwick 1923 e"]

1. d4 f5 2. Nf3 Nf6 3. c4 e6 4. Nc3 Bb4 5. Bd2 O-O 6. e3 b6 7. Qc2 Bb7 8. Bd3 Na6 9. h3 d5 10. O-O-O Ne4 11. Be1 Nxc3 12. Bxc3 Rc8 13. Qa4 Qe8 14. Qxe8 Rcxe8 15. cxd5 Bxc3 16. bxc3 exd5 17. Ne5 Nb8 18. Kd2 Re7 19. Rb1 Nd7 20. f4 Nxe5 21. fxe5 Bc8 22. Rhf1 Be6 23. Rf2 Ref7 24. Rbf1 g6 25. Rc1 Kg7 26. c4 Rd8 27. cxd5 Bxd5 28. Bc4 Re7 29. Bxd5 Rxd5 30. Ke2 Ra5 31. Kf3 c5 32. Rc4 Ra3 33. Kf4 h6 34. Re2 cxd4 35. exd4 b5 36. Rb4 Rd3 37. Re3 Rd1 38. g4 Rf1+ 39. Rf3 Rd1 40. gxf5 gxf5 41. Rg3+ Kf7 42. Kxf5 Rf1+ 43. Ke4 a6 44. Rf3+ Rxf3 45. Kxf3 Ke6 46. Ke4 Rg7 47. a4 Rg3 48. axb5 Rxh3 49. d5+ Kd7 50. Kf5 axb5 51. Rxb5 Rh1 52. Rb7+ Kc8 53. Rh7 h5 54. Ke6 h4 55. d6 h3 56. Rh4 Kb7 57. d7 1-0

[Event "25. Offene Herner Stadtmeisterschaft 2024"]
[Site "Herne-Sodingen"]
[Date "2024.02.05"]
[Round "2.24"]
[White "Mayeres, Hans-Christian"]
[Black "Deno, Thomas"]
[Result "1-0"]
[WhiteElo "1708"]
[BlackElo "1439"]
[PlyCount "57"]
[EventDate "2024.??.??"]
[WhiteTeam "SC Recklinghausen Altsta"]
[BlackTeam "SC Buer-Hassel 1919 e. V."]

1. c4 Nf6 2. g3 g6 3. Bg2 Bg7 4. Nc3 d6 5. d3 Nbd7 6. Bd2 c6 7. Rb1 e5 8. b4 Qc7 9. b5 Nb8 10. bxc6 bxc6 11. Nb5 Qd7 12. Bb4 Bf8 13. Bh3 Qd8 14. Bxc8 cxb5 15. Bb7 Nbd7 16. Bxa8 Qxa8 17. Nf3 e4 18. dxe4 Nxe4 19. cxb5 Bg7 20. O-O d5 21. Nd4 Ne5 22. Nc6 Nxc6 23. bxc6 Qxc6 24. Qd3 h5 25. Rbc1 Qb7 26. Ba3 h4 27. Rb1 Qc8 28. Qb5+ Kd8 29. Qxd5+ 1-0

[Event "25. Offene Herner Stadtmeisterschaft 2024"]
[Site "Herne-Sodingen"]
[Date "2024.02.05"]
[Round "2.25"]
[White "Scheithauer, Ralf"]
[Black "Wiese, Thomas"]
[Result "0-1"]
[WhiteElo "1376"]
[BlackElo "1699"]
[PlyCount "86"]
[EventDate "2024.??.??"]
[WhiteTeam "Bochumer SV 02"]
[BlackTeam "SV Kamen 1930"]

1. e4 e5 2. Bc4 Nf6 3. Nc3 c6 4. Nf3 d5 5. exd5 cxd5 6. Bb5+ Nbd7 7. O-O e4 8. Nd4 Bc5 9. Nf5 O-O 10. d4 exd3 11. Bxd3 Ne5 12. Bg5 Nxd3 13. Qxd3 Be6 14. Nd4 h6 15. Be3 Rc8 16. h3 Bd7 17. a3 Re8 18. Rfe1 Ne4 19. Nce2 Qh4 20. Nf3 Nxf2 21. Nxh4 Nxd3 22. Bxc5 Nxe1 23. Rxe1 Rxc5 24. c3 Bb5 25. Kf2 Bxe2 26. Rxe2 Rxe2+ 27. Kxe2 Rb5 28. b4 Rb6 29. a4 Rc6 30. Kd3 Rc4 31. Nf5 Kf8 32. Nd6 Rf4 33. Ke3 Rf1 34. Nxb7 Rc1 35. Kd4 Rd1+ 36. Ke3 Ke7 37. Nc5 g5 38. Nd3 f5 39. Nf2 f4+ 40. Ke2 Ra1 41. a5 Kd6 42. Nd3 Ra2+ 43. Kf3 Rc2 0-1

[Event "25. Offene Herner Stadtmeisterschaft 2024"]
[Site "Herne-Sodingen"]
[Date "2024.02.05"]
[Round "2.26"]
[White "Ptaszyk, Henning"]
[Black "Neumann, Frank"]
[Result "1-0"]
[WhiteElo "1652"]
[BlackElo "1398"]
[PlyCount "47"]
[EventDate "2024.??.??"]
[WhiteTeam "SK Sodingen/Castrop 24/23 e. V."]
[BlackTeam "SV Waltrop 1922 e. V."]

1. e4 e5 2. Nf3 Nc6 3. Bc4 Bc5 4. c3 Nf6 5. d4 exd4 6. e5 Nxe5 7. Nxe5 Qe7 8. Qe2 d5 9. Bd3 Ng4 10. Nxg4 Bxg4 11. Qxe7+ Bxe7 12. cxd4 O-O-O 13. O-O Bf6 14. Be3 h5 15. Nd2 h4 16. h3 Be6 17. Nb3 g5 18. Nc5 g4 19. Nxe6 fxe6 20. Rfc1 Rdg8 21. hxg4 h3 22. gxh3 Rxh3 23. Kg2 Rgh8 24. Rh1 1-0

[Event "25. Offene Herner Stadtmeisterschaft 2024"]
[Site "Herne-Sodingen"]
[Date "2024.02.05"]
[Round "2.27"]
[White "Tolksdorf, Jürgen"]
[Black "Kümmel, Hans-Jürgen"]
[Result "1-0"]
[WhiteElo "1641"]
[BlackElo "1315"]
[PlyCount "77"]
[EventDate "2024.??.??"]
[WhiteTeam "SV Günnigfeld 1922 e."]
[BlackTeam "SV Günnigfeld 1922 e."]

1. e4 e5 2. Nf3 Nc6 3. d4 exd4 4. Nxd4 Nf6 5. Bg5 Be7 6. f3 d5 7. Bb5 Bd7 8. Nc3 a6 9. Bxc6 bxc6 10. Qe2 O-O 11. O-O-O h6 12. Bd2 dxe4 13. Nxe4 Qc8 14. g4 Re8 15. Rhg1 Nxe4 16. fxe4 Bg5 17. Qf3 Bxd2+ 18. Rxd2 Re7 19. Nf5 Bxf5 20. gxf5 f6 21. Qf4 Kh7 22. Rgd1 Qe8 23. Re2 Rd8 24. Rde1 Qf7 25. b3 Re5 26. Qf1 c5 27. Rg2 c4 28. Qf3 cxb3 29. axb3 a5 30. Reg1 Rg8 31. Rg6 a4 32. bxa4 Qe7 33. R1g4 Qf7 34. Rh4 Qf8 35. Qc3 Rc5 36. Qe3 Rc4 37. Qb3 Rb4 38. Rhxh6+ gxh6 39. Rxg8 1-0

[Event "25. Offene Herner Stadtmeisterschaft 2024"]
[Site "Herne-Sodingen"]
[Date "2024.02.05"]
[Round "2.29"]
[White "Grothuesmann, Heinz"]
[Black "Wickenfeld, Udo"]
[Result "1/2-1/2"]
[WhiteElo "1622"]
[BlackElo "1200"]
[PlyCount "62"]
[EventDate "2024.??.??"]
[WhiteTeam "SC Recklinghausen Altsta"]
[BlackTeam "SC Recklinghausen Altsta"]

1. e4 c5 2. Nf3 d6 3. d4 cxd4 4. Nxd4 Nf6 5. Nc3 a6 6. a4 e5 7. Nb3 Be7 8. Be2 O-O 9. O-O Nc6 10. Be3 Qc7 11. f4 exf4 12. Bxf4 Be6 13. Be3 Ne5 14. Kh1 Bc4 15. Nd4 Bxe2 16. Qxe2 Qc4 17. Qxc4 Nxc4 18. Bc1 Rfe8 19. b3 Ne5 20. h3 Rac8 21. Bd2 Bd8 22. Rae1 Nh5 23. Kh2 Ba5 24. Nb1 Bxd2 25. Nxd2 Rc3 26. Nb1 Rcc8 27. Nf5 Red8 28. c4 g6 29. Nd4 Nc6 30. Nxc6 bxc6 31. g4 Ng7 1/2-1/2

[Event "25. Offene Herner Stadtmeisterschaft 2024"]
[Site "Herne-Sodingen"]
[Date "2024.02.05"]
[Round "2.30"]
[White "Griese, Andreas"]
[Black "Ponto, Michael"]
[Result "0-1"]
[WhiteElo "1259"]
[BlackElo "1616"]
[PlyCount "58"]
[EventDate "2024.??.??"]
[WhiteTeam "SC Scharnhorst 2002"]
[BlackTeam "SV Zeppelin Herne e. V."]

1. c4 e5 2. Nc3 Nf6 3. g3 d5 4. Bg2 d4 5. Ne4 c6 6. d3 Be7 7. Bg5 Nxe4 8. Bxe7 Qxe7 9. Bxe4 f5 10. Bg2 O-O 11. Nf3 c5 12. O-O Nc6 13. Nd2 Be6 14. e4 f4 15. Nf3 g5 16. h3 g4 17. hxg4 Bxg4 18. a3 Rf7 19. Qe2 Raf8 20. Rab1 Nd8 21. b4 Ne6 22. b5 Ng5 23. a4 fxg3 24. fxg3 Nxf3+ 25. Bxf3 Rxf3 26. Rxf3 Rxf3 27. Qg2 Qg5 28. Rf1 Qe3+ 29. Rf2 Rxg3 0-1

[Event "25. Offene Herner Stadtmeisterschaft 2024"]
[Site "Herne-Sodingen"]
[Date "2024.02.05"]
[Round "2.31"]
[White "Koch, Burkhard"]
[Black "Meiler, Wolfgang"]
[Result "1-0"]
[WhiteElo "1613"]
[BlackElo "1163"]
[PlyCount "55"]
[EventDate "2024.??.??"]
[WhiteTeam "SG Wanne"]
[BlackTeam "Bochumer SV 02"]

1. e4 c5 2. Nc3 d6 3. f4 Nd7 4. Nf3 Qc7 5. Nd5 Qc6 6. Bb5 Qxb5 7. Nc7+ Kd8 8. Nxb5 a6 9. Nc3 e6 10. Ng5 Nh6 11. O-O f6 12. Nxe6+ Ke7 13. f5 Ne5 14. Nd5+ Kf7 15. d3 Bxe6 16. fxe6+ Kxe6 17. Nc7+ Kd7 18. Nxa8 Kc6 19. d4 cxd4 20. Qxd4 Be7 21. Qb6+ Kd7 22. Qxb7+ Ke6 23. Bxh6 gxh6 24. Nc7+ Kf7 25. Nd5 Ng6 26. Rxf6+ Kg7 27. Rxg6+ hxg6 28. Qxe7+ 1-0

[Event "25. Offene Herner Stadtmeisterschaft 2024"]
[Site "Herne-Sodingen"]
[Date "2024.02.05"]
[Round "2.32"]
[White "Deppe, Stephan"]
[Black "Jähnicke, Karl-Heinz"]
[Result "0-1"]
[WhiteElo "1200"]
[BlackElo "1613"]
[PlyCount "50"]
[EventDate "2024.??.??"]
[WhiteTeam "vereinslos"]
[BlackTeam "SC Scharnhorst 2002"]

1. e4 e5 2. Nf3 d6 3. d4 exd4 4. Nxd4 a6 5. Bc4 Nf6 6. Nc3 Be7 7. O-O O-O 8. h3 b5 9. Bd3 c5 10. Nf3 Nc6 11. Re1 c4 12. Bf1 Be6 13. b3 b4 14. e5 dxe5 15. Qxd8 Rfxd8 16. Na4 e4 17. Ng5 Nd4 18. Nxe6 fxe6 19. Rd1 Nxc2 20. Rxd8+ Rxd8 21. Rb1 Rd1 22. Nb2 Re1 23. Nxc4 Nd5 24. Ne3 Ndxe3 25. fxe3 Bc5 0-1

[Event "25. Offene Herner Stadtmeisterschaft 2024"]
[Site "Herne-Sodingen"]
[Date "2024.02.05"]
[Round "2.33"]
[White "Fenchel, Nils"]
[Black "Malessa, Uwe"]
[Result "1-0"]
[WhiteElo "1604"]
[BlackElo "1039"]
[PlyCount "51"]
[EventDate "2024.??.??"]
[WhiteTeam "SC Buer-Hassel 1919 e. V."]
[BlackTeam "SV Erkenschwick 1923 e"]

1. e4 e5 2. Nf3 Nc6 3. Bc4 Nf6 4. Ng5 d5 5. exd5 b5 6. dxc6 bxc4 7. Qe2 Qd5 8. Nc3 Qxg2 9. Qxe5+ Be7 10. Rf1 Qxc6 11. Nge4 Be6 12. Rg1 O-O 13. Nxf6+ Bxf6 14. Qxf6 g6 15. b3 Rfe8 16. Ne2 Qe4 17. Bb2 Kf8 18. Qg7+ Ke7 19. Qc3 Bg4 20. Qe3 Kf8 21. Qh6+ Ke7 22. Qg5+ Kd7 23. Qxg4+ f5 24. Qxe4 fxe4 25. Rg3 Re5 26. Re3 1-0

[Event "25. Offene Herner Stadtmeisterschaft 2024"]
[Site "Herne-Sodingen"]
[Date "2024.02.05"]
[Round "2.34"]
[White "Suberski, Lukas"]
[Black "Schneider, Timo"]
[Result "0-1"]
[WhiteElo "1157"]
[BlackElo "1585"]
[PlyCount "62"]
[EventDate "2024.??.??"]
[WhiteTeam "SV Unser Fritz Wanne-E"]
[BlackTeam "SV Datteln 1924"]

1. e4 c5 2. Nc3 Nc6 3. Nf3 e6 4. d4 cxd4 5. Nxd4 Bc5 6. Be3 Nxd4 7. Bxd4 Qb6 8. Na4 Qa5+ 9. c3 Bxd4 10. Qxd4 Nf6 11. Be2 O-O 12. O-O d5 13. Nc5 Qc7 14. e5 Nd7 15. Nd3 b6 16. Rfe1 Ba6 17. Nb4 Bxe2 18. Rxe2 Rac8 19. Rd1 Qc4 20. Re3 Qxd4 21. cxd4 Rc4 22. a3 Rfc8 23. Na2 Rc2 24. Rb1 Rd2 25. Rc3 Rxc3 26. Nxc3 Rxd4 27. Re1 Rd2 28. Rb1 Nxe5 29. b4 Nc4 30. a4 g6 31. h3 Rb2 0-1

[Event "25. Offene Herner Stadtmeisterschaft 2024"]
[Site "Herne-Sodingen"]
[Date "2024.02.05"]
[Round "2.35"]
[White "Steinke, Hans-Jörg"]
[Black "Franzel, Christian"]
[Result "1-0"]
[WhiteElo "1573"]
[BlackElo "1200"]
[PlyCount "109"]
[EventDate "2024.??.??"]
[WhiteTeam "SV Erkenschwick 1923 e"]
[BlackTeam "SV Schwarz-Weiß Oberha"]

1. d4 d6 2. c4 Nf6 3. Nc3 g6 4. e4 Bg7 5. Nf3 O-O 6. Be2 Nbd7 7. O-O c6 8. e5 dxe5 9. dxe5 Ng4 10. e6 fxe6 11. Ng5 Ndf6 12. Bxg4 Nxg4 13. Qxg4 e5 14. Qh4 h6 15. Nge4 e6 16. Qh3 g5 17. Be3 b6 18. Rad1 Qe7 19. c5 b5 20. Rd6 Bd7 21. Rfd1 Rad8 22. Nxb5 cxb5 23. c6 Bxc6 24. Rxd8 Rxd8 25. Rxd8+ Qxd8 26. Qxe6+ Kh8 27. Nd6 Qa8 28. Nf7+ Kh7 29. Nxe5 Bd5 30. Qg6+ Kg8 31. Ng4 Kh8 32. Nf6 Bxf6 33. Qxf6+ Kh7 34. Bd4 Qg8 35. Qf5+ Qg6 36. Qd7+ Qf7 37. Qxb5 Bxa2 38. Qa6 Qd7 39. Qxa7 Qxa7 40. Bxa7 g4 41. Kf1 Kg6 42. Ke2 Bd5 43. f3 gxf3+ 44. gxf3 Kf5 45. Ke3 h5 46. b4 Bc6 47. Bb8 Bd7 48. Kd4 Ke6 49. Kc5 h4 50. b5 Ke7 51. Bc7 Bc8 52. Kb6 Kd7 53. Be5 h3 54. f4 Ke6 55. Kc7 1-0

[Event "25. Offene Herner Stadtmeisterschaft 2024"]
[Site "Herne-Sodingen"]
[Date "2024.02.05"]
[Round "2.36"]
[White "Mohammad, Othman"]
[Black "Baumeister, Sven"]
[Result "0-1"]
[WhiteElo "1200"]
[BlackElo "1544"]
[PlyCount "71"]
[EventDate "2024.??.??"]
[WhiteTeam "SG Wanne"]
[BlackTeam "SV Datteln 1924"]

1. e4 c6 2. Nf3 d5 3. d3 Bg4 4. Nc3 d4 5. Ne2 Bxf3 6. gxf3 e5 7. f4 Bb4+ 8. Bd2 Qa5 9. c3 dxc3 10. Nxc3 Nd7 11. Qg4 Ngf6 12. Qxg7 Rg8 13. Qh6 O-O-O 14. Bh3 Rg6 15. Qh4 Kb8 16. a3 Nc5 17. fxe5 Nxd3+ 18. Ke2 Qa6 19. Bf1 Nxe5+ 20. Kd1 Qa5 21. Qf4 Bxc3 22. bxc3 Qxc3 23. Rc1 Qf3+ 24. Qxf3 Nxf3 25. Rc2 Nxe4 26. Kc1 Nfxd2 27. Rxd2 Nxd2 28. Bh3 Nf3 29. Bf5 Rg1+ 30. Rxg1 Nxg1 31. Bxh7 Nf3 32. h3 Nh4 33. f4 f5 34. Kb2 Kc7 35. Kb3 Rh8 36. Bxf5 0-1

[Event "25. Offene Herner Stadtmeisterschaft 2024"]
[Site "Herne-Sodingen"]
[Date "2024.02.05"]
[Round "2.37"]
[White "Lojack, Rouven"]
[Black "Bunzel, Robert"]
[Result "1-0"]
[WhiteElo "1531"]
[BlackElo "1200"]
[PlyCount "81"]
[EventDate "2024.??.??"]
[WhiteTeam "SV Königsspringer Halt"]
[BlackTeam "SV Wattenscheid 1930 e"]

1. e4 e5 2. Nf3 Nc6 3. Bc4 Nf6 4. Ng5 d5 5. exd5 Na5 6. Bb5+ c6 7. dxc6 bxc6 8. Ba4 h6 9. Nxf7 Kxf7 10. c3 Bd7 11. b4 Nb7 12. d4 e4 13. Nd2 Bg4 14. Qb3+ Be6 15. Qc2 Qc7 16. O-O Be7 17. Nxe4 Nxe4 18. Qxe4 Rac8 19. Re1 Qd6 20. Bf4 Qd5 21. Qe3 Nd6 22. Bb3 Nc4 23. Qd3 Rcd8 24. Rxe6 Qxe6 25. Bxc4 Rd5 26. Bxd5 cxd5 27. a4 Rc8 28. Bd2 Bd6 29. Qf3+ Kg8 30. Re1 Qd7 31. Qxd5+ Kh8 32. Qe6 Qc7 33. g3 Rf8 34. c4 Qf7 35. Qxf7 Rxf7 36. c5 Bc7 37. d5 Rd7 38. d6 Bxd6 39. cxd6 Rxd6 40. Be3 Rd5 41. Bxa7 1-0

[Event "25. Offene Herner Stadtmeisterschaft 2024"]
[Site "Herne-Sodingen"]
[Date "2024.02.05"]
[Round "2.38"]
[White "Nouman, Abdulrrahman"]
[Black "Krolik, Wilfried"]
[Result "1/2-1/2"]
[WhiteElo "1200"]
[BlackElo "1510"]
[PlyCount "121"]
[EventDate "2024.??.??"]
[WhiteTeam "SG Wanne"]
[BlackTeam "SV Waltrop 1922 e. V."]

1. e4 c5 2. Nf3 d6 3. d4 cxd4 4. Nxd4 Nf6 5. Nc3 a6 6. Bd3 e5 7. Nf3 h6 8. h3 Be6 9. Be3 Be7 10. Qe2 Nbd7 11. Bc4 Bxc4 12. Qxc4 Rc8 13. Qd3 b5 14. a3 Nb6 15. Bxb6 Qxb6 16. O-O O-O 17. Rac1 Rc7 18. Nd5 Nxd5 19. Qxd5 Rc5 20. Qd3 Rfc8 21. c3 a5 22. Rc2 Qc6 23. Rfc1 b4 24. axb4 axb4 25. c4 Qa4 26. b3 Qc6 27. Re2 Ra8 28. Rb1 Rca5 29. Reb2 R8a6 30. Nd2 Qa8 31. g3 Qa7 32. Nf1 Ra2 33. Ne3 Rxb2 34. Rxb2 Ra1+ 35. Kg2 Qa3 36. Qe2 g6 37. Nd5 Bd8 38. f4 Qa7 39. Qf2 Qa3 40. Qc2 Kg7 41. Qd2 f6 42. h4 exf4 43. gxf4 Qa7 44. Qf2 Qxf2+ 45. Kxf2 Ba5 46. Rd2 g5 47. fxg5 hxg5 48. hxg5 fxg5 49. Ne7 Bb6+ 50. Kg2 Bc5 51. Nf5+ Kf6 52. Nxd6 Rb1 53. Rd3 Bxd6 54. Rxd6+ Ke5 55. Rd3 Kxe4 56. Rg3 Rb2+ 57. Kh3 Kf4 58. c5 Rc2 59. Rg4+ Kf5 60. Rxb4 Rxc5 61. Rc4 1/2-1/2

[Event "25. Offene Herner Stadtmeisterschaft 2024"]
[Site "Herne-Sodingen"]
[Date "2024.02.05"]
[Round "2.39"]
[White "Landwehr, Ingo"]
[Black "Muschal, Holger"]
[Result "1-0"]
[WhiteElo "1504"]
[BlackElo "1200"]
[PlyCount "71"]
[EventDate "2024.??.??"]
[WhiteTeam "Bochumer SV 02"]
[BlackTeam "SV Waltrop 1922 e. V."]

1. c4 e5 2. g3 Nf6 3. Bg2 g6 4. Nc3 Bg7 5. e4 c6 6. Nge2 O-O 7. O-O d6 8. d3 Nbd7 9. f4 exf4 10. Nxf4 Ne5 11. Rb1 a6 12. a4 Rb8 13. Kh1 Bg4 14. Qc2 g5 15. Nfe2 h6 16. h3 Bh5 17. g4 Bg6 18. Ng3 Kh7 19. Nd1 Qb6 20. d4 Qxd4 21. b3 Qb6 22. Be3 Qd8 23. Qe2 c5 24. Nc3 b6 25. Rbd1 Qe7 26. Nf5 Bxf5 27. exf5 Rfd8 28. Bg1 Re8 29. Rfe1 Qf8 30. Qd2 Rbd8 31. Bh2 Qe7 32. Qc2 h5 33. Nd5 Nxd5 34. f6+ Ng6 35. fxe7 Ndxe7 36. gxh5 1-0

[Event "25. Offene Herner Stadtmeisterschaft 2024"]
[Site "Herne-Sodingen"]
[Date "2024.02.19"]
[Round "3.1"]
[White "Werrn, Pascal"]
[Black "Wiechen, Ulrich"]
[Result "1-0"]
[WhiteElo "2132"]
[BlackElo "1923"]
[Annotator "georg"]
[PlyCount "105"]
[EventDate "2024.??.??"]
[WhiteTeam "SK Sodingen/Castrop 24/23 e. V."]
[BlackTeam "SC Buer-Hassel 1919 e. V."]

1. e4 e5 2. Nf3 Nc6 3. Bb5 a6 4. Ba4 Nf6 5. d3 b5 6. Bb3 Be7 7. a4 Bb7 8. O-O d6 9. c3 Na5 10. Bc2 c5 11. Nbd2 Qc7 12. Re1 O-O 13. Nf1 Rfe8 14. Ng3 g6 15. b3 Nc6 16. Bb2 b4 17. c4 Bc8 18. h3 Nd7 19. Bc1 Nf8 20. Nh2 Nd4 21. Rf1 Bh4 22. Ne2 Nxc2 23. Qxc2 f5 24. f4 Bf6 25. Bb2 Qg7 26. fxe5 Bxe5 27. Bxe5 dxe5 28. exf5 Bxf5 29. Ng3 Be6 30. Ne4 Nd7 31. Qf2 Qe7 32. Qe3 Bf5 33. Ng3 Rf8 34. Rae1 Rad8 35. Nf3 Qd6 36. Nxf5 Rxf5 37. Ng5 Rxf1+ 38. Rxf1 Nf6 39. Nf3 Re8 40. Re1 e4 41. dxe4 Rxe4 42. Qc1 Qd3 43. Ng5 Re8 44. Rxe8+ Nxe8 45. Qf4 Qd1+ 46. Kh2 Qd6 47. Kg3 Qd3+ 48. Kf2 Nd6 49. Ne6 Nf5 50. Nxc5 Qc2+ 51. Kg1 Qd1+ 52. Kh2 Qe1 53. Nd7 1-0